000 01040nam0a22002651 4500
001 rc\2933333
005 20250806211508.0
035 _a(NLR Aleph) 007082603
090 _a18534
_c18534
100 _a20110820d1943 u y0rusy50 ca
101 0 _arus
102 _aRU
105 _aa z |||||
200 1 _aПрактические советы по предупреждению неисправностей и ремонту двигателя и газогенераторной установки трактора ЧТЗ СГ-65
_fА.П. Зимин и А.П. Чернышевский
210 _aМосква
_cГослестехиздат
_d1943
215 _a104 с.
_cил. и черт.
_d21 см
700 1 _aЗимин
_bА.П.
_gАркадий Павлович
701 1 _aЧернышевский
_bА.П.
801 0 _aRU
_bNLR
_gpsbo
801 1 _aRU
_bELAR
_2rusmarc
852 _aNLR
_jТ14 Г-3/18
942 _cBOOK
945 _aРоссийская национальная библиотека
980 _aNB
980 _aBV